[Event "WYCC Girls 12"]
[Site "Porto Carras"]
[Date "2015.10.29"]
[Round "5.8"]
[White "Esadze, Tamar"]
[Black "Tan, Huynh Thanh Truc"]
[Result "0-1"]
[BlackElo "1676"]
[WhiteElo "1762"]
[LiveChessVersion "1.4.6"]

1. e4 {[%clk 1:30:58]} c5 {[%clk 1:28:57]} 2. Nf3 {[%clk 1:31:22]} d6
{[%clk 1:28:42]} 3. d4 {[%clk 1:31:45]} cxd4 {[%clk 1:27:16]} 4. Nxd4
{[%clk 1:32:09]} Nf6 {[%clk 1:27:08]} 5. Nc3 {[%clk 1:32:31]} a6 {[%clk 1:26:33]}
6. Bg5 {[%clk 1:32:45]} e6 {[%clk 1:25:23]} 7. f4 {[%clk 1:31:49]} Nbd7
{[%clk 1:23:56]} 8. Qf3 {[%clk 1:31:32]} Qc7 {[%clk 1:22:38]} 9. O-O-O
{[%clk 1:30:14]} b5 {[%clk 1:21:46]} 10. a3 {[%clk 1:12:04]} Rb8 {[%clk 1:06:02]}
11. Bxf6 {[%clk 0:59:34]} Nxf6 {[%clk 1:05:25]} 12. f5 {[%clk 0:42:46]} e5
{[%clk 1:01:14]} 13. Nb3 {[%clk 0:42:46]} b4 {[%clk 0:49:29]} 14. axb4
{[%clk 0:42:40]} Rxb4 {[%clk 0:49:49]} 15. g4 {[%clk 0:35:03]} Bb7
{[%clk 0:42:51]} 16. Bd3 {[%clk 0:34:03]} Nd7 {[%clk 0:38:52]} 17. Bxa6
{[%clk 0:24:48]} Bxa6 {[%clk 0:35:04]} 18. Nd5 {[%clk 0:25:13]} Qb8
{[%clk 0:33:10]} 19. Nxb4 {[%clk 0:24:54]} Qxb4 {[%clk 0:33:30]} 20. Qe3
{[%clk 0:23:44]} Nf6 {[%clk 0:25:04]} 21. Qa7 {[%clk 0:22:39]} Qb7
{[%clk 0:25:15]} 22. Qxb7 {[%clk 0:18:50]} Bxb7 {[%clk 0:25:37]} 23. Na5
{[%clk 0:17:51]} Bxe4 {[%clk 0:24:06]} 24. Rhe1 {[%clk 0:14:33]} Bf3
{[%clk 0:19:45]} 25. Rd3 {[%clk 0:14:45]} Bxg4 {[%clk 0:19:59]} 26. Nc4
{[%clk 0:14:03]} Bxf5 {[%clk 0:18:26]} 27. Nxd6+ {[%clk 0:14:05]} Bxd6
{[%clk 0:18:43]} 28. Rxd6 {[%clk 0:14:31]} Ke7 {[%clk 0:18:20]} 29. Ra6
{[%clk 0:13:51]} e4 {[%clk 0:16:23]} 30. c3 {[%clk 0:10:24]} Rc8 {[%clk 0:15:10]}
31. Ra5 {[%clk 0:08:10]} Bg6 {[%clk 0:15:05]} 32. Kc2 {[%clk 0:06:58]} Ke6
{[%clk 0:13:05]} 33. b3 {[%clk 0:03:51]} Ne8 {[%clk 0:10:29]} 34. c4
{[%clk 0:03:30]} f5 {[%clk 0:10:28]} 35. h4 {[%clk 0:03:00]} f4 {[%clk 0:07:01]}
36. Ra6+ {[%clk 0:02:51]} Ke5 {[%clk 0:06:20]} 37. Ra5+ {[%clk 0:02:22]} Ke6
{[%clk 0:05:28]} 38. Ra6+ {[%clk 0:02:41]} Ke7 {[%clk 0:02:06]} 39. h5
{[%clk 0:02:13]} Bf5 {[%clk 0:02:18]} 40. Ra5 {[%clk 0:32:00]} Nd6
{[%clk 0:32:05]} 41. Ra7+ {[%clk 0:29:57]} Kf6 {[%clk 0:28:01]} 42. Ra6
{[%clk 0:30:00]} e3+ {[%clk 0:27:16]} 43. Kc3 {[%clk 0:29:04]} Ke5
{[%clk 0:18:29]} 44. Ra5+ {[%clk 0:29:14]} Ke4 {[%clk 0:17:56]} 45. Rd5
{[%clk 0:26:30]} Rc6 {[%clk 0:17:44]} 46. Rd4+ {[%clk 0:18:14]} Ke5
{[%clk 0:17:52]} 47. Rd5+ {[%clk 0:18:10]} Ke6 {[%clk 0:16:15]} 48. Kd4
{[%clk 0:16:11]} Bc2 {[%clk 0:13:48]} 49. Re5+ {[%clk 0:14:59]} Kf6
{[%clk 0:10:35]} 50. Kd5 {[%clk 0:13:26]} Rc5+ {[%clk 0:10:09]} 51. Kxc5
{[%clk 0:13:38]} Kxe5 {[%clk 0:10:33]} 52. b4 {[%clk 0:12:34]} Bb3
{[%clk 0:10:06]} 53. b5 {[%clk 0:12:49]} Bxc4 {[%clk 0:10:04]} 54. b6
{[%clk 0:13:08]} Bd5 {[%clk 0:09:15]} 55. Rd1 {[%clk 0:12:51]} Nb7+
{[%clk 0:09:37]} 56. Kb5 {[%clk 0:12:44]} e2 {[%clk 0:09:56]} 57. Re1
{[%clk 0:12:28]} f3 {[%clk 0:10:12]} 58. Ka6 {[%clk 0:12:45]} Kd6
{[%clk 0:10:08]} 59. h6 {[%clk 0:12:57]} g6 {[%clk 0:10:00]} 60. Rg1
{[%clk 0:13:06]} Be4 {[%clk 0:08:54]} 0-1

[Event "WYCC Girls 12"]
[Site "Porto Carras"]
[Date "2015.10.29"]
[Round "5.9"]
[White "Abduali, Samal"]
[Black "Harazinska, Magdalena"]
[Result "0-1"]
[BlackElo "1761"]
[WhiteElo "1699"]
[LiveChessVersion "1.4.6"]

1. d4 {[%clk 1:30:27]} d5 {[%clk 1:30:47]} 2. Nf3 {[%clk 1:30:24]} Nf6
{[%clk 1:30:24]} 3. c4 {[%clk 1:30:25]} dxc4 {[%clk 1:30:36]} 4. Nc3
{[%clk 1:30:13]} a6 {[%clk 1:30:11]} 5. a4 {[%clk 1:29:23]} e6 {[%clk 1:27:35]}
6. Bg5 {[%clk 1:28:54]} Be7 {[%clk 1:25:58]} 7. e3 {[%clk 1:27:51]} h6
{[%clk 1:24:06]} 8. Bh4 {[%clk 1:26:20]} O-O {[%clk 1:23:33]} 9. Bxc4
{[%clk 1:25:26]} Nbd7 {[%clk 1:21:17]} 10. a5 {[%clk 1:15:23]} c5
{[%clk 1:18:24]} 11. O-O {[%clk 1:12:58]} cxd4 {[%clk 1:17:28]} 12. exd4
{[%clk 1:09:57]} b5 {[%clk 1:15:03]} 13. axb6 {[%clk 0:59:11]} Nxb6
{[%clk 1:15:13]} 14. Be2 {[%clk 0:58:41]} Nbd5 {[%clk 1:04:18]} 15. Bg3
{[%clk 0:56:52]} Bb7 16. Ne5 {[%clk 0:48:20]} Nb4 {[%clk 0:49:32]} 17. Bf3
{[%clk 0:44:14]} Bxf3 {[%clk 0:48:45]} 18. Nxf3 {[%clk 0:44:25]} Nfd5
{[%clk 0:47:36]} 19. Qe2 {[%clk 0:42:20]} Qb6 {[%clk 0:40:22]} 20. Rfd1
{[%clk 0:40:27]} Rfd8 {[%clk 0:38:44]} 21. Ne5 {[%clk 0:36:13]} Rac8
{[%clk 0:36:16]} 22. Rac1 {[%clk 0:34:21]} Bg5 {[%clk 0:34:20]} 23. Na4
{[%clk 0:27:37]} Qb5 {[%clk 0:32:33]} 24. Qxb5 {[%clk 0:26:33]} axb5
{[%clk 0:32:45]} 25. Rxc8 {[%clk 0:26:03]} Rxc8 {[%clk 0:32:59]} 26. Nc5 Be7
{[%clk 0:31:09]} 27. Ned3 {[%clk 0:19:55]} Nxd3 {[%clk 0:30:39]} 28. Nxd3
{[%clk 0:20:13]} Rc2 {[%clk 0:30:43]} 29. b3 {[%clk 0:13:04]} Rc3
{[%clk 0:30:38]} 30. Nc1 {[%clk 0:12:12]} Ba3 {[%clk 0:30:35]} 31. Nd3
{[%clk 0:10:00]} Rxb3 {[%clk 0:31:02]} 32. Nc5 {[%clk 0:08:43]} Rc3
{[%clk 0:30:22]} 33. Bd6 {[%clk 0:08:09]} b4 {[%clk 0:28:45]} 34. Rb1
{[%clk 0:06:21]} Rc2 {[%clk 0:27:20]} 35. Na4 {[%clk 0:04:57]} Rd2
{[%clk 0:26:07]} 36. Bc5 {[%clk 0:04:55]} Nf4 {[%clk 0:21:35]} 37. h3
{[%clk 0:02:55]} Nd3 {[%clk 0:19:37]} 38. f3 {[%clk 0:03:03]} Rc2
{[%clk 0:18:20]} 39. g4 {[%clk 0:02:37]} f6 {[%clk 0:15:08]} 40. h4
{[%clk 0:32:14]} e5 {[%clk 0:42:43]} 41. Rd1 {[%clk 0:27:55]} Nxc5
{[%clk 0:40:56]} 42. dxc5 {[%clk 0:27:45]} b3 43. c6 {[%clk 0:17:39]} b2
{[%clk 0:39:29]} 44. Rd8+ {[%clk 0:15:23]} Kh7 {[%clk 0:39:47]} 45. Nxb2
{[%clk 0:14:25]} Bxb2 {[%clk 0:40:08]} 46. Rc8 {[%clk 0:14:22]} Bd4+
{[%clk 0:39:38]} 0-1

[Event "WYCC Girls 12"]
[Site "Porto Carras"]
[Date "2015.10.29"]
[Round "5.10"]
[White "Mahdian, Anousha"]
[Black "Jarocka, Liwia"]
[Result "1-0"]
[BlackElo "1661"]
[WhiteElo "1757"]
[LiveChessVersion "1.4.6"]

1. d4 {[%clk 1:30:46]} Nf6 {[%clk 1:30:47]} 2. c4 {[%clk 1:31:06]} d6
{[%clk 1:31:08]} 3. Nc3 {[%clk 1:31:30]} e5 {[%clk 1:31:31]} 4. dxe5
{[%clk 1:29:37]} dxe5 {[%clk 1:31:55]} 5. Qxd8+ {[%clk 1:30:00]} Kxd8
{[%clk 1:32:20]} 6. Bg5 {[%clk 1:30:10]} c6 {[%clk 1:24:08]} 7. Nf3
{[%clk 1:24:24]} Nbd7 {[%clk 1:23:07]} 8. O-O-O {[%clk 1:23:15]} Ke8
{[%clk 1:22:05]} 9. Bh4 {[%clk 1:19:46]} Bb4 {[%clk 1:15:05]} 10. Nb1
{[%clk 1:05:29]} Ne4 {[%clk 1:11:46]} 11. Nbd2 {[%clk 0:51:41]} Nxd2
{[%clk 1:11:51]} 12. Nxd2 {[%clk 0:52:06]} f6 {[%clk 1:10:04]} 13. Ne4
{[%clk 0:50:16]} Be7 {[%clk 1:09:25]} 14. f3 {[%clk 0:45:59]} Nb6
{[%clk 1:05:05]} 15. e3 {[%clk 0:43:28]} Bf5 {[%clk 1:02:30]} 16. Nd6+
{[%clk 0:32:20]} Bxd6 {[%clk 1:02:51]} 17. Rxd6 {[%clk 0:32:49]} Ke7
{[%clk 1:01:05]} 18. Rd1 {[%clk 0:33:02]} Rad8 {[%clk 1:00:53]} 19. Be2
{[%clk 0:33:29]} Be6 {[%clk 1:00:57]} 20. b3 {[%clk 0:33:48]} Nc8
{[%clk 0:56:04]} 21. c5 {[%clk 0:31:10]} Kf7 {[%clk 0:50:01]} 22. e4
{[%clk 0:30:14]} Ne7 {[%clk 0:47:42]} 23. Bf2 {[%clk 0:24:54]} g5
{[%clk 0:43:46]} 24. Kc2 {[%clk 0:19:37]} Ng6 {[%clk 0:43:37]} 25. g3
{[%clk 0:19:26]} Ke7 {[%clk 0:43:46]} 26. a4 {[%clk 0:18:08]} Rxd1
{[%clk 0:39:10]} 27. Rxd1 {[%clk 0:18:34]} Rd8 {[%clk 0:39:32]} 28. Rb1
{[%clk 0:16:12]} h5 {[%clk 0:33:57]} 29. b4 {[%clk 0:15:52]} h4 {[%clk 0:33:11]}
30. b5 {[%clk 0:15:23]} hxg3 {[%clk 0:32:48]} 31. hxg3 {[%clk 0:15:45]} Bd7
{[%clk 0:27:00]} 32. Rh1 {[%clk 0:12:28]} Rh8 {[%clk 0:27:08]} 33. Rxh8
{[%clk 0:12:54]} Nxh8 {[%clk 0:27:34]} 34. b6 {[%clk 0:13:13]} axb6
{[%clk 0:27:24]} 35. cxb6 {[%clk 0:13:39]} Bc8 {[%clk 0:26:36]} 36. Bc5+
{[%clk 0:13:42]} Kd8 {[%clk 0:26:27]} 37. Kc3 {[%clk 0:11:16]} Nf7
{[%clk 0:25:30]} 38. a5 {[%clk 0:10:53]} Ke8 {[%clk 0:23:10]} 39. Bc4
{[%clk 0:09:55]} Nd8 {[%clk 0:22:50]} 40. Kb4 {[%clk 0:39:01]} Kd7
{[%clk 0:50:50]} 41. Be3 {[%clk 0:38:43]} Ne6 {[%clk 0:48:54]} 42. Bxe6+
{[%clk 0:35:20]} Kxe6 {[%clk 0:49:19]} 43. Kc5 {[%clk 0:35:45]} Kd7
{[%clk 0:49:28]} 44. g4 {[%clk 0:36:11]} Kd8 {[%clk 0:45:48]} 45. Kd6
{[%clk 0:36:36]} c5 {[%clk 0:45:34]} 46. Bxc5 {[%clk 0:37:00]} Bd7
{[%clk 0:45:25]} 47. a6 {[%clk 0:37:23]} bxa6 {[%clk 0:45:27]} 48. b7
{[%clk 0:37:50]} Bc8 {[%clk 0:45:42]} 49. b8=Q {[%clk 0:38:15]} a5
{[%clk 0:45:59]} 50. Qc7+ {[%clk 0:38:41]} Ke8 {[%clk 0:46:21]} 51. Qe7#
{[%clk 0:39:08]} 1-0

[Event "WYCC Girls 12"]
[Site "Porto Carras"]
[Date "2015.10.29"]
[Round "5.11"]
[White "Srdanovic, Jovana"]
[Black "Bui, Ngoc Han Julia"]
[Result "1/2-1/2"]
[BlackElo "1620"]
[WhiteElo "1737"]
[LiveChessVersion "1.4.6"]

1. d4 {[%clk 1:30:57]} Nf6 {[%clk 1:30:51]} 2. Bf4 {[%clk 1:31:19]} g6
{[%clk 1:31:10]} 3. Nc3 {[%clk 1:31:31]} d5 {[%clk 1:30:32]} 4. Qd2
{[%clk 1:31:44]} Bg7 {[%clk 1:26:51]} 5. O-O-O {[%clk 1:31:52]} a6
{[%clk 1:22:53]} 6. f3 {[%clk 1:27:14]} b5 {[%clk 1:15:16]} 7. g4
{[%clk 1:21:44]} Bb7 {[%clk 1:13:35]} 8. h4 {[%clk 1:07:59]} h5 {[%clk 1:03:45]}
9. g5 {[%clk 1:00:26]} Nfd7 {[%clk 0:52:45]} 10. e3 {[%clk 0:58:51]} Ra7
{[%clk 0:41:13]} 11. Nh3 {[%clk 0:38:02]} Nb6 {[%clk 0:37:19]} 12. Nf2
{[%clk 0:31:37]} O-O {[%clk 0:34:05]} 13. Rg1 {[%clk 0:26:17]} N8d7
{[%clk 0:28:52]} 14. Bg3 {[%clk 0:23:06]} e5 {[%clk 0:22:24]} 15. Nh3
{[%clk 0:19:40]} Re8 {[%clk 0:20:56]} 16. Bf2 {[%clk 0:19:39]} exd4
{[%clk 0:19:47]} 17. exd4 {[%clk 0:19:56]} Nc4 {[%clk 0:18:47]} 1/2-1/2

[Event "WYCC Girls 12"]
[Site "Porto Carras"]
[Date "2015.10.29"]
[Round "5.12"]
[White "Lakshmi, C"]
[Black "Qi, Katherene"]
[Result "1-0"]
[BlackElo "1496"]
[WhiteElo "1733"]
[LiveChessVersion "1.4.6"]

1. e4 {[%clk 1:30:06]} c6 {[%clk 1:30:53]} 2. d4 {[%clk 1:29:57]} d5
{[%clk 1:31:13]} 3. Nc3 {[%clk 1:30:13]} dxe4 {[%clk 1:31:27]} 4. Nxe4
{[%clk 1:30:24]} Nf6 {[%clk 1:31:48]} 5. Nxf6+ {[%clk 1:23:15]} exf6
{[%clk 1:32:10]} 6. Nf3 {[%clk 1:22:57]} Bd6 {[%clk 1:32:22]} 7. Be3
{[%clk 1:21:59]} O-O {[%clk 1:32:20]} 8. Qd2 {[%clk 1:22:03]} Be6
{[%clk 1:31:45]} 9. Bd3 {[%clk 1:16:43]} Re8 {[%clk 1:27:40]} 10. O-O
{[%clk 1:09:02]} Nd7 {[%clk 1:25:16]} 11. c4 {[%clk 1:05:19]} Rc8
{[%clk 1:19:59]} 12. Nh4 {[%clk 0:55:53]} Nf8 {[%clk 1:10:54]} 13. Nf5
{[%clk 0:49:14]} Bb8 {[%clk 1:09:41]} 14. Rae1 {[%clk 0:26:23]} Qd7
{[%clk 1:04:57]} 15. Qc2 {[%clk 0:25:22]} Ng6 {[%clk 1:00:35]} 16. f4
{[%clk 0:22:19]} Rcd8 {[%clk 0:53:14]} 17. Kh1 {[%clk 0:21:07]} Qc7
{[%clk 0:51:28]} 18. Ng3 {[%clk 0:20:23]} f5 {[%clk 0:42:15]} 19. Bxf5
{[%clk 0:16:33]} Bxf5 {[%clk 0:40:08]} 20. Qxf5 {[%clk 0:16:09]} Re6
{[%clk 0:39:14]} 21. Qd3 {[%clk 0:14:09]} Re7 {[%clk 0:34:12]} 22. f5
{[%clk 0:12:59]} Ne5 {[%clk 0:33:33]} 23. Qe2 {[%clk 0:11:43]} Nd7
{[%clk 0:32:10]} 24. Qf3 {[%clk 0:11:56]} Nf6 {[%clk 0:31:49]} 25. Bf2
{[%clk 0:07:40]} Rde8 {[%clk 0:29:52]} 26. Rxe7 {[%clk 0:07:25]} Rxe7
{[%clk 0:29:34]} 27. Re1 {[%clk 0:06:27]} h6 {[%clk 0:28:59]} 28. Rxe7
{[%clk 0:05:33]} Qxe7 {[%clk 0:29:06]} 29. a3 {[%clk 0:05:02]} Qc7
{[%clk 0:25:40]} 30. Kg1 {[%clk 0:04:07]} h5 {[%clk 0:25:01]} 31. h3
{[%clk 0:03:23]} Qf4 {[%clk 0:23:19]} 32. Qxf4 {[%clk 0:03:11]} Bxf4
{[%clk 0:23:41]} 33. Ne2 {[%clk 0:03:22]} Bg5 {[%clk 0:22:44]} 34. b3
{[%clk 0:01:33]} Ne4 {[%clk 0:21:47]} 35. Be1 {[%clk 0:01:41]} Be3+
{[%clk 0:21:39]} 36. Kf1 {[%clk 0:01:22]} Bd2 {[%clk 0:20:37]} 37. Ng3
{[%clk 0:01:12]} Bxe1 {[%clk 0:17:42]} 38. Nxe4 {[%clk 0:01:34]} Bh4
{[%clk 0:17:44]} 39. g4 {[%clk 0:01:25]} Be7 {[%clk 0:17:29]} 40. b4
{[%clk 0:31:40]} hxg4 {[%clk 0:47:27]} 41. hxg4 {[%clk 0:30:17]} b6
{[%clk 0:46:51]} 42. Ke2 {[%clk 0:28:55]} f6 {[%clk 0:45:06]} 43. d5
{[%clk 0:28:16]} cxd5 {[%clk 0:44:47]} 44. cxd5 {[%clk 0:28:39]} Kf8
{[%clk 0:45:06]} 45. d6 {[%clk 0:28:52]} Bd8 {[%clk 0:45:27]} 46. Kd3
{[%clk 0:29:08]} Ke8 {[%clk 0:45:48]} 47. Kd4 {[%clk 0:29:33]} Kd7
{[%clk 0:45:38]} 48. Kd5 {[%clk 0:29:55]} a6 {[%clk 0:45:10]} 49. a4 1-0

[Event "WYCC Girls 12"]
[Site "Porto Carras"]
[Date "2015.10.31"]
[Round "6.1"]
[White "Yip, Carissa"]
[Black "Duran, Esma Doga"]
[Result "1-0"]
[BlackElo "1876"]
[WhiteElo "2007"]
[LiveChessVersion "1.4.6"]

1. e4 {[%clk 1:30:57]} c6 {[%clk 1:30:55]} 2. d4 {[%clk 1:31:10]} d5
{[%clk 1:31:19]} 3. Nc3 {[%clk 1:31:33]} dxe4 {[%clk 1:31:43]} 4. Nxe4
{[%clk 1:31:54]} Bf5 {[%clk 1:32:02]} 5. Ng3 {[%clk 1:32:12]} Bg6
{[%clk 1:32:17]} 6. Nf3 {[%clk 1:32:19]} Nd7 {[%clk 1:32:41]} 7. h4
{[%clk 1:32:41]} h6 {[%clk 1:33:04]} 8. h5 {[%clk 1:33:07]} Bh7 {[%clk 1:33:26]}
9. Bd3 {[%clk 1:33:33]} Bxd3 {[%clk 1:33:48]} 10. Qxd3 {[%clk 1:33:58]} e6
{[%clk 1:33:48]} 11. Bf4 {[%clk 1:33:11]} Qa5+ {[%clk 1:33:33]} 12. Bd2
{[%clk 1:33:31]} Qc7 {[%clk 1:33:56]} 13. O-O-O {[%clk 1:33:42]} O-O-O
{[%clk 1:33:40]} 14. c4 {[%clk 1:31:28]} Ngf6 {[%clk 1:32:07]} 15. Ne4
{[%clk 1:30:45]} Nxe4 {[%clk 1:31:11]} 16. Qxe4 {[%clk 1:31:13]} Nf6
{[%clk 1:30:50]} 17. Qe2 {[%clk 1:31:33]} Bd6 {[%clk 1:28:29]} 18. g3
{[%clk 1:31:01]} c5 {[%clk 1:28:13]} 19. Bc3 {[%clk 1:24:28]} cxd4
{[%clk 1:27:43]} 20. Nxd4 {[%clk 1:24:51]} a6 {[%clk 1:27:36]} 21. Kb1
{[%clk 1:25:13]} Kb8 {[%clk 1:19:00]} 22. Nb3 {[%clk 1:12:19]} Qc6
{[%clk 1:10:07]} 23. Rh4 {[%clk 1:10:19]} Ka8 {[%clk 1:01:31]} 24. Rc1
{[%clk 1:00:49]} Bc7 {[%clk 0:55:37]} 25. c5 {[%clk 0:54:41]} Rd7
{[%clk 0:46:37]} 26. Bxf6 {[%clk 0:44:24]} gxf6 {[%clk 0:46:21]} 27. Nd4
{[%clk 0:44:30]} Qd5 {[%clk 0:41:22]} 28. c6 {[%clk 0:43:02]} Rd6
{[%clk 0:39:55]} 29. cxb7+ {[%clk 0:41:41]} Qxb7 {[%clk 0:38:30]} 30. Nb3
{[%clk 0:41:52]} Bb6 {[%clk 0:29:55]} 31. Rb4 {[%clk 0:39:09]} Qa7
{[%clk 0:25:19]} 32. Qf3+ {[%clk 0:38:39]} Rd5 {[%clk 0:21:32]} 33. Qxf6
{[%clk 0:38:46]} Rhd8 {[%clk 0:20:47]} 34. Qc3 {[%clk 0:35:45]} R5d6
{[%clk 0:15:36]} 35. Na5 {[%clk 0:34:08]} Rg8 {[%clk 0:06:31]} 36. Qc8+
{[%clk 0:33:35]} Rxc8 {[%clk 0:05:50]} 37. Rxc8+ {[%clk 0:34:04]} Qb8
{[%clk 0:06:09]} 38. Rxb8+ {[%clk 0:34:31]} Kxb8 39. Nc4 {[%clk 0:34:50]} Rd4
{[%clk 0:03:07]} 40. Rxb6+ {[%clk 1:04:43]} Kc7 {[%clk 0:33:21]} 41. Rb4
{[%clk 1:04:54]} a5 {[%clk 0:33:33]} 42. Ra4 {[%clk 1:05:15]} Rd1+
{[%clk 0:32:04]} 43. Kc2 {[%clk 1:05:43]} 1-0

[Event "WYCC Girls 12"]
[Site "Porto Carras"]
[Date "2015.10.31"]
[Round "6.2"]
[White "Salonika, Saina"]
[Black "Salimova, Nurgyul"]
[Result "1/2-1/2"]
[BlackElo "2144"]
[WhiteElo "1858"]
[LiveChessVersion "1.4.6"]

1. e4 {[%clk 1:30:39]} c5 {[%clk 1:30:55]} 2. Nc3 {[%clk 1:30:55]} Nc6
{[%clk 1:31:19]} 3. f4 {[%clk 1:31:08]} g6 {[%clk 1:31:43]} 4. Nf3
{[%clk 1:31:22]} Bg7 {[%clk 1:32:07]} 5. Bb5 {[%clk 1:31:39]} Nd4
{[%clk 1:32:30]} 6. O-O {[%clk 1:31:56]} a6 {[%clk 1:32:57]} 7. Bd3
{[%clk 1:29:30]} e6 {[%clk 1:26:39]} 8. f5 {[%clk 1:19:38]} d6 {[%clk 1:20:06]}
9. Nxd4 {[%clk 1:12:10]} Bxd4+ {[%clk 1:17:39]} 10. Kh1 {[%clk 1:12:28]} Ne7
{[%clk 1:15:37]} 11. Qf3 {[%clk 0:59:10]} exf5 {[%clk 1:11:53]} 12. exf5
{[%clk 0:57:11]} Nxf5 {[%clk 1:00:19]} 13. Bxf5 {[%clk 0:42:58]} Bxf5
{[%clk 1:00:25]} 14. Qxb7 {[%clk 0:39:08]} O-O {[%clk 1:00:22]} 15. d3
{[%clk 0:38:45]} Qh4 {[%clk 0:58:38]} 16. Bf4 {[%clk 0:35:12]} Rab8
{[%clk 0:56:14]} 17. Qxa6 {[%clk 0:34:00]} Rxb2 {[%clk 0:56:26]} 18. Ne2
{[%clk 0:33:56]} Rxc2 {[%clk 0:49:22]} 19. Nxd4 {[%clk 0:34:08]} cxd4
{[%clk 0:49:34]} 20. Bxd6 {[%clk 0:29:01]} Qg5 {[%clk 0:44:10]} 21. Qb7
{[%clk 0:27:05]} Rfc8 {[%clk 0:27:13]} 22. Bf4 {[%clk 0:24:37]} Qg4
{[%clk 0:20:19]} 23. Qd5 {[%clk 0:18:25]} Bxd3 {[%clk 0:17:01]} 24. h3
{[%clk 0:17:28]} Qf5 {[%clk 0:15:22]} 25. Qxf5 {[%clk 0:16:44]} Bxf5
{[%clk 0:15:33]} 26. Rfd1 {[%clk 0:15:52]} d3 {[%clk 0:15:39]} 27. a4
{[%clk 0:15:05]} Be4 {[%clk 0:15:46]} 28. Rd2 {[%clk 0:15:01]} Rxd2
{[%clk 0:15:09]} 29. Bxd2 {[%clk 0:15:26]} Rc2 {[%clk 0:15:30]} 30. Rd1
{[%clk 0:15:07]} Ra2 {[%clk 0:14:38]} 31. a5 {[%clk 0:15:18]} f5 {[%clk 0:15:01]}
32. Kg1 {[%clk 0:14:26]} Kf7 {[%clk 0:15:19]} 33. h4 {[%clk 0:14:17]} Ke6
{[%clk 0:14:44]} 34. Kf2 {[%clk 0:14:27]} Kd5 {[%clk 0:12:51]} 35. Ke3
{[%clk 0:12:36]} h6 {[%clk 0:10:38]} 36. g3 {[%clk 0:12:34]} g5 {[%clk 0:10:22]}
37. hxg5 {[%clk 0:12:56]} hxg5 {[%clk 0:10:52]} 38. Rf1 {[%clk 0:13:02]} Rc2
{[%clk 0:08:57]} 39. Rd1 {[%clk 0:12:10]} Ke5 {[%clk 0:08:39]} 40. Rf1
{[%clk 0:41:57]} Ra2 {[%clk 0:34:11]} 41. Bc3+ {[%clk 0:42:18]} Kd5
{[%clk 0:34:21]} 42. Bd2 {[%clk 0:42:13]} Rb2 {[%clk 0:32:05]} 43. Rd1
{[%clk 0:39:53]} Rb8 {[%clk 0:27:21]} 44. Kf2 {[%clk 0:39:29]} g4
{[%clk 0:24:20]} 45. Ke3 {[%clk 0:36:08]} Rh8 {[%clk 0:22:30]} 46. a6
{[%clk 0:33:12]} Ra8 {[%clk 0:16:33]} 47. Ra1 {[%clk 0:33:33]} Kc6
{[%clk 0:12:26]} 48. Kf4 {[%clk 0:33:33]} Kb5 {[%clk 0:10:01]} 49. a7
{[%clk 0:33:54]} Kb6 {[%clk 0:09:26]} 50. Be3+ {[%clk 0:34:18]} Kb7
{[%clk 0:08:50]} 51. Rb1+ {[%clk 0:34:43]} Kc7 {[%clk 0:09:00]} 52. Rc1+
{[%clk 0:35:07]} Kb7 {[%clk 0:09:07]} 53. Rb1+ {[%clk 0:35:32]} Kc7
{[%clk 0:09:30]} 54. Rc1+ {[%clk 0:35:59]} Kb7 {[%clk 0:08:36]} 1/2-1/2

[Event "WYCC Girls 12"]
[Site "Porto Carras"]
[Date "2015.10.31"]
[Round "6.3"]
[White "Harazinska, Magdalena"]
[Black "Solozhenkina, Elizaveta"]
[Result "1-0"]
[BlackElo "2062"]
[WhiteElo "1761"]
[LiveChessVersion "1.4.6"]

1. d4 {[%clk 1:30:48]} Nf6 {[%clk 1:30:53]} 2. c4 {[%clk 1:31:03]} e6
{[%clk 1:31:16]} 3. Nc3 {[%clk 1:31:14]} Bb4 {[%clk 1:31:40]} 4. Bd2
{[%clk 1:31:13]} O-O {[%clk 1:31:10]} 5. Nf3 {[%clk 1:30:16]} b6 {[%clk 1:29:47]}
6. e3 {[%clk 1:29:41]} Bb7 {[%clk 1:29:37]} 7. Be2 {[%clk 1:27:24]} Bxc3
{[%clk 1:24:47]} 8. Bxc3 {[%clk 1:27:24]} Ne4 {[%clk 1:24:57]} 9. O-O
{[%clk 1:26:34]} d6 {[%clk 1:24:15]} 10. Qc2 {[%clk 1:23:22]} f5 {[%clk 1:22:07]}
11. b4 {[%clk 1:20:29]} Nd7 {[%clk 1:12:57]} 12. Rac1 {[%clk 1:15:49]} Rf6
{[%clk 0:44:19]} 13. c5 {[%clk 1:10:23]} Rh6 {[%clk 0:35:02]} 14. c6
{[%clk 1:06:28]} Bxc6 {[%clk 0:35:26]} 15. Bb2 {[%clk 1:06:27]} Bd5
{[%clk 0:35:35]} 16. Qxc7 {[%clk 1:06:34]} Qe7 {[%clk 0:34:01]} 17. Bb5
{[%clk 1:02:29]} Ng5 {[%clk 0:30:49]} 18. Nxg5 {[%clk 0:40:24]} Qxg5
{[%clk 0:31:07]} 19. f3 {[%clk 0:40:14]} Qxe3+ {[%clk 0:27:52]} 20. Rf2
{[%clk 0:39:53]} Nf6 {[%clk 0:14:57]} 21. Qxd6 {[%clk 0:38:36]} Bxa2
{[%clk 0:14:33]} 22. Rc7 {[%clk 0:32:57]} Qe1+ {[%clk 0:09:47]} 23. Rf1
{[%clk 0:31:31]} Qe3+ {[%clk 0:09:13]} 24. Kh1 {[%clk 0:31:37]} Qb3
{[%clk 0:07:57]} 25. Rfc1 {[%clk 0:26:15]} Qxb2 {[%clk 0:03:18]} 26. Qe7
{[%clk 0:25:51]} Ne8 {[%clk 0:00:41]} 27. Qf7+ {[%clk 0:26:09]} 1-0